000 02795cam a22011294i 4500
003 PE-LiUPU
005 20250813185333.0
008 160916s r 000 0 spa d
020 _a9786074386257
035 _a(Sirsi) a163529
049 _aPRUA
082 0 4 _a363.73874
_bO88
100 1 _aOtterbach, Dieter H.,
_eautor.
245 _aEnergía y calentamiento global :
_b¿Cómo asegurar la supervivencia de la humanidad? /
_cDr. Dieter H. Otterbach.
264 _aMexico :
_bPATRIA,
_c2013.
300 _a143 páginas :
_bilustraciones ;
_c22 centímetros.
336 _text
_2rdacontent
337 _aunmediated
_2rdamedia
338 _volume
_2rdacarrier
505 0 _aEnergía no renovable del sol: combustibles fósiles -- Energía de la tierra --Energía renovable -- Hidrógeno: portador de la energía -- Cambio climático y calentamiento global. Generalidades -- Cambio climático y calentamiento global. consecuencias -- Cambio climático y calentamiento global. soluciones -- Perspectivas a futuro.
526 _aP202
526 _aP201
526 _aP163
526 _aP162
526 _aP161
526 _aP160
526 _aP148
526 _aP147
526 _aP146
526 _aP145
526 _aP144
526 _aP143
526 _aP142
526 _aP141
526 _aP140
526 _aP139
526 _aP138
526 _aP137
526 _aP136
526 _aP135
526 _aP134
526 _aP133
526 _aP129
526 _aP128
526 _aP127
526 _aP120
526 _aP119
526 _aP118
526 _aP116
526 _aP115
526 _aP114
526 _aP110
526 _aP109
526 _aP108
526 _aP104
526 _aP103
526 _aP102
526 _aP99
526 _aP98
526 _aP97
526 _aP96
526 _aP95
526 _aP93
526 _aP90
526 _aP89
526 _aP88
526 _aP83
526 _aP82
526 _aP62
526 _aP59
526 _aP58
526 _aP57
526 _aP51
526 _aP49
526 _aP48
526 _aP47
526 _aP29
526 _aP24
526 _aP20
526 _aP19
526 _aP17
526 _aP15
526 _aP14
526 _aP12
526 _aP10
526 _aP09
526 _aP08
526 _aP07
526 _aP06
526 _aP05
526 _aP04
526 _aP01
596 _a1
942 _2ddc
_cBOOK
999 _a363.73874 O88
_wDEWEY
_c12405
_i70758
_d12405
_e2016-11-23
_f2021-11-9
_g7
_lCCODEBUL1
_mBUL
_n1
_q1
_r0
_sY
_tBOOK
_u2016-9-16
_xINGENIERIA
_PP24
_0COMPRA
_o.STAFF. Colección FIA
980 _81
_gALBERTO SANCHEZ Responsable de Automatización